000
00295nam a22001337a 4500
008
170331b xxu||||| |||| 00| 0 eng d
020
_a
0306408600
041
_a
eng
080
_a
616-053.2
100
_a
8
101
_a
SHM
245
_a
WHO SPEAKS FOR THE CHILD
_c
GAYLIN, W
942
_2
udc
_c
BK
999
_c
9239
_d
9239